Optimizacion y Sintesis de Procesos /

Guardado en:
Otros Autores: Díaz, María Soledad. (Disertante)
Formato: Manuscrito
Idioma:Spanish
Publicado: 1993.
Materias:
Etiquetas: Agregar Etiqueta
Sin Etiquetas, Sea el primero en etiquetar este registro!
LEADER 00960ntm a22002535a 4500
001 EIQ.libpla002555
008 070629s1993####ag#a#####bm###000#0#spa#d
005 20070703173545.0
245 1 0 |a Optimizacion y Sintesis de Procesos /  |c María Soledad Díaz. 
260 |c 1993. 
300 |a xiv, 197 p. :  |b il. ;  |c 21 cm. 
502 |a Tesis (doctorado)--Universidad Nacional del Sur. Departamento de Ingeniería Química, 1993. 
500 |a Director de tesis: Dr. Esteban A. Brignole. 
504 |a Incluye referencias bibliográficas. 
100 1 |a Díaz, María Soledad.  |4 dis 
710 2 |a Universidad Nacional del Sur (UNS).  |b Dto. de Ingeniería Química  |4 dgg. 
650 4 |a Procesos  |x Tesis. 
650 4 |a Procesos  |x Síntesis. 
650 4 |a Procesos  |x Optimización. 
650 4 |a Processes  |x Thesis. 
650 4 |a Processes  |x Syntesis. 
650 4 |a Processes  |x Optimization. 
040 |a AR-BbSID  |b spa  |c AR-BbSID 
859 |a AR-BbSID  |b BIB. PLAPIQUI  |h 660.281  |i D 54  |p 4140